Vẽ kỹ thuật bằng Autocad

Trình bày các kiến thức về vẽ kỹ thuật trên máy tính bằng phần mềm Autocad như: làm quen với màn hình Autocad, chuột, bàn phím, toạ độ, lệnh, lệnh vẽ, lập bản vẽ mẫu, các lệnh hiệu chỉnh và phối hợp lệnh vẽ và hiệu chỉnh, vẽ hình chie...

全面介绍

Đã lưu trong:
书目详细资料
主要作者: Nguyễn Văn Tiến
格式: 图书
语言:Vietnamese
出版: H. Nhà xuất bản giáo dục Việt Nam 2007
版:Tái bản lần thứ hai
主题:
标签: 添加标签
没有标签, 成为第一个标记此记录!
Thư viện lưu trữ: Thư viện Trường Đại học Nam Cần Thơ
LEADER 01216nam a22002057a 4500
001 NCT_35796
008 180522b xxu||||| |||| 00| 0 vie d
999 |c 1726  |d 1726 
020 |c 27.000 
082 0 4 |2 23rd ed.  |a 620.0042028  |b T305 
100 1 |a Nguyễn Văn Tiến 
245 1 0 |a Vẽ kỹ thuật bằng Autocad  |c Nguyễn Văn Tiến 
250 |a Tái bản lần thứ hai 
260 |a H.  |b Nhà xuất bản giáo dục Việt Nam  |c 2007 
300 |a 171 tr.  |b Minh họa  |c 27 cm 
520 3 |a Trình bày các kiến thức về vẽ kỹ thuật trên máy tính bằng phần mềm Autocad như: làm quen với màn hình Autocad, chuột, bàn phím, toạ độ, lệnh, lệnh vẽ, lập bản vẽ mẫu, các lệnh hiệu chỉnh và phối hợp lệnh vẽ và hiệu chỉnh, vẽ hình chiếu trục đo 2D, gh 
653 |a Công nghệ Kỹ thuật Ô tô 
942 |2 ddc  |c BK 
952 |0 0  |1 0  |2 ddc  |4 0  |6 620_004202800000000_T305  |7 0  |9 8287  |a 000001  |b 000001  |d 2018-05-22  |l 2  |o 620.0042028 T305  |p MD.11279  |r 2020-10-22  |s 2020-10-08  |v 23500.00  |w 2018-05-22  |y BK 
980 |a Thư viện Trường Đại học Nam Cần Thơ